000 00636cam a22002053a 4500
001 45464
003 PGUSA
005 20140828084042.0
008 140424s2014||||xxu|||||s|||||000 | eng d
040 _aPGUSA
_beng
042 _adc
100 1 _aRoberts, B. H.
_q(Brigham Henry),
_d1857-1933
245 1 4 _aThe Mormon Doctrine of Deity :
_bThe Roberts-Van Der Donckt Discussion
_h[electronic resource] /
_cB. H. Roberts
260 _bProject Gutenberg,
_c2014
506 _aPublic domain in the USA.
516 _aElectronic text
830 0 _aProject Gutenberg
_v45464
856 4 0 _uhttp://www.gutenberg.org/ebooks/45464
942 _cEB
999 _c274715
_d274715